Too Little, Too Late - Laufey Lyric Quiz - Statistics

General Stats
  • This quiz has been taken 175 times
  • The average score is 185 of 254
Answer Stats
Answer % Correct
I
97%
To
97%
A
93%
It
93%
Who
93%
You
91%
The
90%
Be
88%
How
88%
Too
88%
In
87%
It’s
87%
Late
87%
Little
87%
My
87%
Your
87%
Me
86%
Should
83%
Way
83%
Hear
81%
I’ll
81%
Do
80%
Last
80%
Name
80%
Scream
80%
Town
80%
Almost
78%
But
78%
Cause
78%
Is
78%
Love
78%
Of
78%
Whole
78%
Chased
75%
Never
75%
Begin
74%
Down
74%
Should’ve
74%
Sword
74%
Talking
74%
Tell
74%
‘Bout
72%
I’ve
72%
On
72%
Been
71%
Killed
71%
Lay
71%
Fallen
70%
Fate
70%
Him
70%
I’m
70%
Asked
68%
You’re
68%
You’ve
68%
And
67%
Called
67%
Just
67%
Night
67%
Some
67%
Could
65%
Jester
65%
Smile
65%
Around
64%
Engaged
64%
For
64%
Ground
64%
Read
64%
Ruler
64%
Kills
62%
Kingdom
62%
Still
62%
Top
62%
About
61%
Every
61%
Same
61%
That
61%
Dream
59%
Girls
59%
Kind
59%
X-ray
59%
‘Cross
58%
Fucking
58%
Papers
58%
Turned
58%
Single
57%
Leave
55%
Someone
55%
Clear
54%
He’s
54%
Say
54%
State
54%
With
54%
Fight
52%
Lost
52%
Stay
52%
Wedding
52%
At
51%
Day
51%
Give
51%
Need
51%
See
51%
Tug
51%
War
51%
If
49%
Didn’t
48%
Drowned
48%
I’d
48%
Reminder
48%
Things
48%
Anyway
46%
God
46%
Swear
46%
Abdicate
45%
Gate
45%
Know
45%
Broken
43%
Done
43%
Fragility
43%
Heaven’s
43%
Vows
43%
Wrong
43%
Hidden
42%
Lifeline
42%
Outside
42%
Happy
41%
Promises
41%
Soulmates
41%
Stuck
41%
Toast
41%
We’re
41%
What
41%
Whisper
41%
All
39%
Song
39%
Guess
36%
Throw
36%
Different
33%
Lifetimes
33%
No matching quizzes found
Score Distribution
Percent of People with Each Score
Percentile by Number Answered
Your Score History
You have not taken this quiz